00462nam a2200109Ia 4500008004100000100003300041245014300074260002600217300001800243650001200261856007900273160712s9999 xx 000 0 und d aSantiañez, Wilfred John E. cWilfred John E. Santiañez,aTaxonomy of the Genus Sargassum (Fucales, Phaeophyceae) from Alabat Island, Quezon, Northeastern Philippines c2013bScience Diliman avol. 25 no. 1 xSCIENCE uhttp://journals.upd.edu.ph/index.php/sciencediliman/issue/view/402/showToc